Normal view
MARC view
- Syed, Matthew
Entry Personal Name
001 - CONTROL NUMBER
- control field: 95215
003 - CONTROL NUMBER IDENTIFIER
- control field: NUST
005 - DATE AND TIME OF LATEST TRANSACTION
- control field: 20220726133446.0
008 - FIXED-LENGTH DATA ELEMENTS
- fixed length control field: 220726|| aca||aabn | a|a d
040 ## - CATALOGING SOURCE
- Original cataloging agency: NUST
- Transcribing agency: NUST
100 ## - HEADING--PERSONAL NAME
- Personal name: Syed, Matthew
670 ## - SOURCE DATA FOUND
- Source citation: Work cat.: (NUST)0: Syed, Matthew., Black box thinking :
